000 00438cam a2200181ua 4500
020 _c3.75
041 _ahin
_h
082 _a891.54
_bSUR/NA
100 _aSuryakanth tripadi, .
245 _aNaye pathe /
_cSuryakanth tripadi nirala.
_hTextual Documents
250 _a1 /
_b.
260 _aPrayag :
_bNirupama prakashan ,
_c1980.
300 _a110 ; .
365 _a3.75
504 _a
942 _cBK
999 _c3808
_d3808